000 00426nam a2200181Ia 4500
001 19248
005 20260306171730.0
008 260306s9999||||xx |||||||||||||| ||und||
041 _aESP
082 _a658.812
_bH76
100 _aHorovitz, Jacques
_eAUT
245 0 _aLa calidad del servicio
260 _c1991
300 _axiii, 105 páginas :
_c23 cm.
650 _aGEN
654 _aCAN
942 _cLIB
_dJUS
_fJUS
_2ddc
_n
999 _c19248
_d19248